[Event "Tournoi Skype 008"]
[Site "Skype"]
[Date "????.??.??"]
[Round "4.4"]
[White "Auger, Bertrand"]
[Black "Catherine, Bertrand"]
[Result "1/2-1/2"]
[WhiteElo "2027"]
[BlackElo "1965"]
[PlyCount "83"]

1. Nf3 c5 2. c4 Nf6 3. Nc3 d5 4. cxd5 Nxd5 5. g3 Nc6 6. Bg2 Nxc3 7. bxc3 e5 8.
Qa4 Qd7 9. O-O Be7 10. d3 O-O 11. Ng5 Nd4 12. Qd1 Bxg5 13. Bxg5 Ne6 14. Be3 Rb8
15. a4 b6 16. a5 b5 17. Qb3 Bb7 18. Bh3 Bd5 19. Qb2 f5 20. f3 a6 21. Bf2 Ng5
22. Bg2 Qd6 23. h4 Ne6 24. e4 Bb7 25. Qa2 fxe4 26. dxe4 c4 27. Rad1 Qe7 28. Bb6
Rf7 29. Bh3 Nc5 30. Bxc5 Qxc5+ 31. Kh2 Rf6 32. Rd7 Bc6 33. Rd2 Qe3 34. Qc2 Rxf3
35. Rxf3 Qxf3 36. Bg2 Qf6 37. Qd1 Re8 38. Rd6 Re6 39. Rd8+ Re8 40. Rd6 Re6 41.
Rd8+ Re8 42. Rd6 1/2-1/2

[Event "Tournoi Skype 008"]
[Site "Skype"]
[Date "????.??.??"]
[Round "4.5"]
[White "Legueltel, Daniel"]
[Black "Jacquelin, Norbert"]
[Result "0-1"]
[WhiteElo "1725"]
[BlackElo "1716"]
[PlyCount "58"]

1. d4 d5 2. c4 e6 3. Nc3 c5 4. e3 Nf6 5. Nf3 Nc6 6. a3 a6 7. Be2 dxc4 8. Bxc4
b5 9. Be2 Bb7 10. O-O Bd6 11. dxc5 Bxc5 12. b4 Ba7 13. Bb2 Qe7 14. Qc2 Rc8 15.
Rac1 Bb8 16. Qb1 h6 17. Rfd1 O-O 18. Bd3 Ng4 19. Ne4 Nce5 20. Nxe5 Nxe5 21. g3
Nxd3 22. Qxd3 Rxc1 23. Rxc1 Rd8 24. Qc3 e5 25. Nc5 Ba8 26. f4 f6 27. fxe5 Bxe5
28. Qc2 Bxb2 29. Qxb2 Qxe3+ 0-1

[Event "Tournoi Skype 008"]
[Site "Skype"]
[Date "????.??.??"]
[Round "4.6"]
[White "Sharma, Mayank"]
[Black "Rajpurohit, Dinesh"]
[Result "0-1"]
[WhiteElo "1699"]
[BlackElo "1699"]
[PlyCount "70"]

1. e4 e5 2. Nf3 Nc6 3. d4 exd4 4. Nxd4 Bc5 5. c3 h6 6. Be3 Qe7 7. Bd3 Nf6 8.
Nd2 Ne5 9. Be2 d6 10. Nf5 Bxf5 11. Bxc5 dxc5 12. exf5 O-O-O 13. Qc2 Rhe8 14.
O-O h5 15. Rfe1 Nfg4 16. Bxg4 hxg4 17. Nc4 Qf6 18. Ne3 Rh8 19. Qe4 Rde8 20. Nd5
Qh4 21. Qf4 f6 22. Rad1 Qh5 23. b4 Qf7 24. bxc5 Rd8 25. Nb4 Rxd1 26. Rxd1 Re8
27. Qd4 g6 28. Qf4 g5 29. Qd4 Qh5 30. c6 b6 31. Na6 Rh8 32. Qd5 Qxh2+ 33. Kf1
Re8 34. Nb4 Qh1+ 35. Ke2 Nf3+ 0-1

[Event "Tournoi Skype 008"]
[Site "Skype"]
[Date "????.??.??"]
[Round "4.7"]
[White "Murgia, Stefano"]
[Black "Dubois, Real"]
[Result "0-1"]
[WhiteElo "1719"]
[BlackElo "1500"]
[PlyCount "93"]

1. e4 e5 2. Nf3 d6 3. d4 exd4 4. Nxd4 Bd7 5. Bc4 g6 6. Qf3 Qf6 7. Qxf6 Nxf6 8.
O-O Bg7 9. Nc3 O-O 10. Ndb5 Na6 11. Be3 Ng4 12. Bd4 Bxd4 13. Nxd4 Nb4 14. Rad1
Ne5 15. Bb3 Nec6 16. f4 Nxd4 17. Rxd4 Nc6 18. Rd3 Be6 19. Nd5 Rac8 20. g4 Bxd5
21. Rxd5 Ne7 22. Ra5 a6 23. Ba4 Rcd8 24. e5 dxe5 25. Rxe5 Nc8 26. Rfe1 Nd6 27.
Re7 b5 28. Bb3 c5 29. c3 c4 30. Bc2 Rfe8 31. Rxe8+ Rxe8 32. Rxe8+ Nxe8 33. Kf2
Nc7 34. Be4 Kf8 35. Ke3 Ke7 36. h4 Ke6 37. f5+ Ke5 38. h5 gxf5 39. Bxf5 h6 40.
Be4 f6 41. Bb7 Nd5+ 42. Bxd5 Kxd5 43. Kf4 Ke6 44. Ke4 Kd6 45. Kd4 a5 46. a3 a4
47. Ke4 0-1

[Event "Tournoi Skype 008"]
[Site "Skype"]
[Date "????.??.??"]
[Round "4.8"]
[White "Ahmed, Tauseef"]
[Black "Peignien, Laurent"]
[Result "0-1"]
[WhiteElo "1499"]
[BlackElo "1667"]
[PlyCount "48"]

1. e4 e6 2. e5 d5 3. d4 c5 4. Be3 Nc6 5. c3 cxd4 6. cxd4 Qb6 7. Qc2 Bd7 8. Nc3
Rc8 9. Bd3 Nxd4 10. Bxd4 Qxd4 11. Nf3 Qb6 12. O-O d4 13. Qd2 dxc3 14. bxc3 Qa5
15. Qf4 Be7 16. Rab1 Bc6 17. Nd4 Qd5 18. Nf3 Qxd3 19. Rfd1 Qg6 20. Qd4 Rd8 21.
Qxa7 Bxf3 22. Rxd8+ Bxd8 23. Qa4+ Kf8 24. Qa3+ Ne7 0-1

[Event "Tournoi Skype 008"]
[Site "Skype"]
[Date "????.??.??"]
[Round "4.9"]
[White "Nicole, Chantal"]
[Black "Briere, Jean"]
[Result "1-0"]
[WhiteElo "1626"]
[BlackElo "1499"]
[PlyCount "105"]

1. c4 e5 2. g3 Nf6 3. Bg2 d5 4. cxd5 Nxd5 5. Nc3 Be6 6. Nf3 Nc6 7. d4 Nxc3 8.
bxc3 exd4 9. cxd4 Bd5 10. e3 Bb4+ 11. Bd2 O-O 12. O-O Qe7 13. Qc2 Bxd2 14. Qxd2
Rfd8 15. Rab1 Rab8 16. Rfc1 Qf6 17. Ne1 Bxg2 18. Kxg2 Qd6 19. Qe2 Ne7 20. Qf3
c6 21. Nd3 Qd5 22. Nc5 b6 23. Na6 Qxf3+ 24. Kxf3 Rbc8 25. Nb4 f5 26. Rc2 Kf7
27. Rbc1 Rd6 28. Nd3 Ng6 29. h4 h5 30. Nf4 Nxf4 31. Kxf4 Kf6 32. f3 g6 33. Rd2
c5 34. d5 Rcd8 35. e4 fxe4 36. fxe4 Rf8 37. e5+ Ke7+ 38. Ke4 Rdd8 39. Rc4 Rf5
40. d6+ Ke6 41. Rd5 Rxd6 42. Rxd6+ Ke7 43. Rxg6 Rf8 44. Rg7+ Rf7 45. Rxf7+ Kxf7
46. Kf5 Ke7 47. g4 hxg4 48. Rxg4 Kf7 49. h5 Ke7 50. h6 Kd7 51. h7 Kc6 52. h8=Q
Kb5 53. e6 1-0

[Event "Tournoi Skype 008"]
[Site "Skype"]
[Date "????.??.??"]
[Round "4.10"]
[White "Khatanhar, Mohit"]
[Black "Duthoit, Bernard"]
[Result "0-1"]
[WhiteElo "1499"]
[BlackElo "1619"]
[PlyCount "74"]

1. e4 e6 2. d4 d5 3. e5 c5 4. c3 Nc6 5. Nf3 a6 6. Be2 Qb6 7. Be3 Qxb2 8. Nbd2
Qxc3 9. Rc1 Qa5 10. Rc2 b5 11. O-O c4 12. Ng5 Nge7 13. Bh5 Ng6 14. Qf3 Qc7 15.
Re1 h6 16. Nh3 Ra7 17. Qg3 Nce7 18. Nb3 Nf5 19. Qf3 a5 20. Nc5 Bxc5 21. dxc5
Nxe3 22. Qxe3 Nh4 23. a3 Nf5 24. Qf3 Nd4 25. Qc3 Nxc2 26. Qxc2 Qxc5 27. Re3 Rd7
28. Rg3 Qf8 29. Nf4 Rd8 30. Qc3 d4 31. Qxa5 Qc5 32. Qa6 Bxa6 33. Nxe6 Qxe5 34.
Nxg7+ Kd7 35. Bg4+ Kc7 36. h3 Qxg7 37. Bf3 Qxg3 0-1

[Event "Tournoi Skype 008"]
[Site "Skype"]
[Date "????.??.??"]
[Round "4.11"]
[White "Bourdeau, Yvan"]
[Black "Mertz, Kathy"]
[Result "1-0"]
[WhiteElo "1607"]
[BlackElo "1499"]
[PlyCount "45"]

1. e4 e5 2. Nf3 Nc6 3. d4 exd4 4. Nxd4 Nxd4 5. Qxd4 d6 6. Bc4 Qe7 7. O-O Be6 8.
Nd2 Bxc4 9. Nxc4 Qf6 10. e5 dxe5 11. Qxe5+ Qxe5 12. Nxe5 f6 13. Nd3 O-O-O 14.
Be3 b6 15. a4 Bd6 16. a5 Be5 17. axb6 axb6 18. Ra8+ Kd7 19. Nxe5+ fxe5 20. Rd1+
Ke7 21. Rdxd8 h5 22. Rxg8 Rh6 23. Bxh6 1-0

[Event "Tournoi Skype 008"]
[Site "Skype"]
[Date "????.??.??"]
[Round "4.12"]
[White "Le Brun, Yves"]
[Black "Ramirez, Rodrigo"]
[Result "1-0"]
[WhiteElo "1607"]
[BlackElo "1499"]
[PlyCount "67"]

1. d4 e6 2. c4 d5 3. Nc3 c6 4. Qc2 dxc4 5. Nf3 Bb4 6. a3 Ba5 7. e4 b5 8. b4
cxb3 9. Qxb3 Qe7 10. e5 h6 11. Bd3 f6 12. O-O f5 13. Ne2 g5 14. Ne1 a6 15. Nc2
Bb7 16. Be3 Nd7 17. a4 b4 18. Bc4 Kf7 19. f4 Kg6 20. Bxe6 Rd8 21. fxg5 hxg5 22.
Bxf5+ Kg7 23. Ng3 c5 24. Be6 Nh6 25. Rf7+ Nxf7 26. Nf5+ Kf8 27. Nxe7 Kxe7 28.
Bxf7 Nf8 29. Bxg5+ Kd7 30. e6+ Nxe6 31. Qxe6+ Kc7 32. Bf4+ Rd6 33. Qxd6+ Kc8
34. Be6# 1-0

[Event "Tournoi Skype 008"]
[Site "Skype"]
[Date "????.??.??"]
[Round "4.13"]
[White "Megelas, Florent"]
[Black "Talbot, Jacques"]
[Result "1-0"]
[WhiteElo "1571"]
[BlackElo "1462"]
[PlyCount "75"]

1. e4 e5 2. Nf3 d6 3. d4 exd4 4. Nxd4 Nf6 5. Nc3 Be7 6. Bc4 O-O 7. O-O Bd7 8.
Be3 Nc6 9. Qf3 Nxd4 10. Bxd4 Re8 11. e5 dxe5 12. Bxe5 Bc6 13. Qg3 Bd6 14. Bxd6
Qxd6 15. Qxd6 cxd6 16. Rad1 Rad8 17. Rfe1 Rxe1+ 18. Rxe1 Kf8 19. f3 Re8 20. Kf2
Rxe1 21. Kxe1 Ke7 22. Ke2 d5 23. Bb3 Kd6 24. Kd3 a6 25. Kd4 b5 26. a4 b4 27.
Na2 a5 28. c3 bxc3 29. Nxc3 h6 30. Nb5+ Bxb5 31. axb5 g6 32. Ba4 Nd7 33. Bb3
Nf6 34. b6 Kc6 35. b7 Kxb7 36. Bxd5+ Nxd5 37. Kxd5 Kc7 38. Kc5 1-0

[Event "Tournoi Skype 008"]
[Site "Skype"]
[Date "????.??.??"]
[Round "4.14"]
[White "Saidi, Bhen"]
[Black "Engstrom, Olle"]
[Result "0-1"]
[WhiteElo "1436"]
[BlackElo "1570"]
[PlyCount "64"]

1. e4 c5 2. Nf3 Nc6 3. Bb5 g6 4. d4 cxd4 5. Nxd4 Qb6 6. Be3 Nf6 7. Nc3 Nxd4 8.
Bxd4 Qa5 9. O-O Bg7 10. Qe2 a6 11. Bc4 d6 12. a3 Bd7 13. b4 Qc7 14. e5 Ng4 15.
e6 Bxd4 16. Qxg4 Bxc3 17. Rad1 Bxe6 18. Bxe6 fxe6 19. Qxe6 Qd7 20. Qe3 Rc8 21.
Rd3 Bf6 22. Rfd1 O-O 23. h3 Rxc2 24. Qf3 Bh4 25. g3 Rxf3 26. Rxf3 Qxh3 27. Rf1
Bf6 28. Rf4 Kg7 29. Rf3 Bd4 30. Rf4 Rxf2 31. R4xf2 Qxg3+ 32. Kh1 Bxf2 0-1

[Event "Tournoi Skype 008"]
[Site "Skype"]
[Date "????.??.??"]
[Round "4.15"]
[White "Janssen, Gerard"]
[Black "Vincent, Andre"]
[Result "1-0"]
[WhiteElo "1548"]
[BlackElo "1377"]
[PlyCount "65"]

1. d4 d5 2. c4 e6 3. Nc3 Nf6 4. Nf3 c6 5. e3 Be7 6. Qc2 O-O 7. c5 Nbd7 8. b4 a6
9. Bd3 b6 10. a4 Qc7 11. O-O h6 12. Ba3 Re8 13. cxb6 Qxb6 14. Ne5 Bb7 15. a5
Qd8 16. f4 Bd6 17. Rf3 Qe7 18. Rb1 Nf8 19. Na4 N6d7 20. Nc5 Nxc5 21. bxc5 Bxe5
22. fxe5 Rac8 23. Rbf1 Rc7 24. Qe2 Ra8 25. Bc1 Bc8 26. e4 h5 27. exd5 cxd5 28.
Rh3 g6 29. Rg3 Rb8 30. Bg5 Qe8 31. Bf6 Kh7 32. Qxh5+ Kg8 33. Qh8# 1-0

[Event "Tournoi Skype 008"]
[Site "Skype"]
[Date "????.??.??"]
[Round "4.16"]
[White "L'Herbon De Lussats, Jean"]
[Black "De Coninck, Philippe"]
[Result "0-1"]
[WhiteElo "1428"]
[BlackElo "1526"]
[PlyCount "150"]

1. d4 d5 2. c4 e6 3. a3 Nf6 4. Nc3 c6 5. Nf3 Nbd7 6. e3 Be7 7. Bd3 h6 8. O-O
O-O 9. Qc2 Qc7 10. Re1 e5 11. e4 dxc4 12. Bxc4 b5 13. Bd3 Qd6 14. Be3 Bb7 15.
b4 a5 16. d5 axb4 17. dxc6 Bxc6 18. Nxb5 Bxb5 19. Bxb5 Rxa3 20. Bxd7 Nxd7 21.
Qb2 Rxa1 22. Rxa1 Rc8 23. Bd2 Rc4 24. Re1 Qc5 25. g3 Rc2 26. Qb3 Nf6 27. h3 Bd6
28. g4 g5 29. Qd3 Kg7 30. Kg2 Bc7 31. Rb1 Qc4 32. Qxc4 Rxc4 33. Rxb4 Rxe4 34.
Rb7 Bd6 35. Be3 Nd5 36. Nd2 Nxe3+ 37. fxe3 Rxe3 38. Nc4 Re2+ 39. Kf1 Rh2 40.
Nxd6 Rxh3 41. Rxf7+ Kg6 42. Rf5 Rd3 43. Ne4 Re3 44. Rxe5 Rf3+ 45. Kg2 Rf7 46.
Re6+ Kh7 47. Nf6+ Kg6 48. Nh5+ Kh7 49. Nf6+ Kg6 50. Ng8+ Kg7 51. Nxh6 Kh7 52.
Kg3 Rf4 53. Re5 Kxh6 54. Kh3 Kg6 55. Rf5 Rxf5 56. gxf5+ Kxf5 57. Kg3 g4 58. Kg2
Kf4 59. Kf2 g3+ 60. Kg2 Kg4 61. Kg1 Kh3 62. Kf1 Kh2 63. Ke2 g2 64. Ke3 g1=Q+
65. Ke4 Qe1+ 66. Kd4 Kg3 67. Kd5 Kf4 68. Kd4 Qd1+ 69. Kc3 Ke4 70. Kb4 Qd5 71.
Kc3 Qd4+ 72. Kb3 Kd3 73. Ka2 Kc3 74. Ka1 Qd2 75. Kb1 Qb2# 0-1

[Event "Tournoi Skype 008"]
[Site "Skype"]
[Date "????.??.??"]
[Round "4.17"]
[White "Raheja, Shiv"]
[Black "Fouquereau, Andre"]
[Result "0-1"]
[WhiteElo "1499"]
[BlackElo "1535"]
[PlyCount "66"]

1. e4 e5 2. Nf3 d6 3. Bc4 Nc6 4. d3 Bg4 5. h3 Bh5 6. Be3 Be7 7. c3 Nf6 8. Nbd2
h6 9. Qb3 O-O 10. O-O-O Na5 11. Qa4 c6 12. g4 Bg6 13. h4 b5 14. Qc2 bxc4 15.
dxc4 Nxg4 16. h5 Nxe3 17. fxe3 Bh7 18. Rdg1 Bf6 19. Nh2 d5 20. Ng4 Bg5 21. Nxe5
Bxe3 22. Rd1 Bxe4 23. Qa4 Bxh1 24. cxd5 Bxd5 25. Qg4 Be6 26. Qe4 Bxd2+ 27. Rxd2
Qg5 28. Nf3 Qxh5 29. Rh2 Qg6 30. Qe5 Nc4 31. Qc5 Qg3 32. Rf2 Bd5 33. Nd4 Qxf2
0-1

[Event "Tournoi Skype 008"]
[Site "Skype"]
[Date "????.??.??"]
[Round "4.18"]
[White "Malbec, Robert"]
[Black "Vervoort, Jean-Louis"]
[Result "1-0"]
[WhiteElo "1528"]
[BlackElo "1155"]
[PlyCount "65"]

1. e4 e5 2. Nf3 d5 3. exd5 Qxd5 4. Nc3 Qe6 5. b3 Bd6 6. Bc4 Qg6 7. Nh4 Qg5 8.
g3 Nf6 9. d3 Qg4 10. f3 Qd4 11. Bb2 Bc5 12. Qe2 O-O 13. O-O-O Nc6 14. Nb5 Qd7
15. Bxe5 Nxe5 16. Qxe5 Bb4 17. Qxc7 Qxc7 18. Nxc7 Rb8 19. Nb5 a6 20. a3 Be7 21.
Nc3 b5 22. Bd5 Rd8 23. Be4 Bxa3+ 24. Kb1 b4 25. Ne2 Be6 26. Nf5 Rd7 27. g4 Rc7
28. Ned4 Rbc8 29. Nc6 Kh8 30. d4 a5 31. Nxa5 Rxc2 32. Bxc2 Rxc2 33. Kxc2 1-0

[Event "Tournoi Skype 008"]
[Site "Skype"]
[Date "????.??.??"]
[Round "4.19"]
[White "De Leener, Luc"]
[Black "Clayton, Estelita"]
[Result "1-0"]
[WhiteElo "1704"]
[BlackElo "1299"]
[PlyCount "45"]

1. e4 e6 2. d4 d5 3. e5 c5 4. c3 Nc6 5. Nf3 Qb6 6. Bd3 cxd4 7. cxd4 Bd7 8. Nc3
Nxd4 9. Nxd4 Qxd4 10. O-O Qxe5 11. Re1 Qd6 12. Qf3 Bc6 13. Bf4 Qc5 14. Rac1 d4
15. Ne4 Qa5 16. Qg3 Qxa2 17. Nd6+ Ke7 18. Bc4 Qxb2 19. Nxf7 Kxf7 20. Bxe6+ Ke8
21. Bxg8+ Be7 22. Qxg7 Rxg8 23. Qxe7# 1-0

[Event "Tournoi Skype 008"]
[Site "Skype"]
[Date "????.??.??"]
[Round "4.20"]
[White "Antonic, Nenad"]
[Black "Belouin, Bruno"]
[Result "0-1"]
[WhiteElo "1525"]
[BlackElo "1350"]
[PlyCount "66"]

1. d4 d5 2. e3 e6 3. Nf3 Be7 4. Bd3 Nf6 5. Nbd2 Nc6 6. c3 O-O 7. O-O a5 8. Re1
Bd7 9. e4 Rb8 10. e5 Ng4 11. h3 Nh6 12. Nf1 b5 13. Qc2 Nf5 14. g4 Nh4 15. Nxh4
Bxh4 16. Bxh7+ Kh8 17. Bd3 f6 18. Be3 fxe5 19. Qe2 e4 20. Bc2 e5 21. g5 g6 22.
Kh2 Bxg5 23. Qd2 Bf4+ 24. Bxf4 exf4 25. Kh1 Bxh3 26. Nh2 Qh4 27. Rg1 Kg7 28. a4
Rf5 29. axb5 Rxb5 30. Ba4 Rb6 31. Bxc6 Rxc6 32. Rxa5 f3 33. Raa1 Bg2+ 0-1

[Event "Tournoi Skype 008"]
[Site "Skype"]
[Date "????.??.??"]
[Round "4.21"]
[White "Philibert, Andre"]
[Black "Gabriele, Noel"]
[Result "1-0"]
[WhiteElo "1299"]
[BlackElo "1499"]
[PlyCount "73"]

1. e4 e5 2. Nf3 f6 3. Bc4 Nh6 4. d3 g5 5. h3 d6 6. Nc3 c6 7. Be3 g4 8. hxg4
Nxg4 9. Qe2 b5 10. Bb3 Na6 11. O-O-O b4 12. Na4 Nxe3 13. fxe3 c5 14. d4 Nc7 15.
Nxc5 dxc5 16. dxc5 Qe7 17. Ba4+ Kf7 18. Qc4+ Ne6 19. Rhf1 Qb7 20. Ng5+ Ke7 21.
c6 Qb6 22. Nxe6 Bxe6 23. Qd3 Bh6 24. Qd6+ Kf7 25. Qxe5 Bg7 26. Qh5+ Kf8 27. e5
f5 28. e4 Qe3+ 29. Kb1 Qxe4 30. Rde1 Qc4 31. Bb3 Qxc6 32. Bxe6 Qxe6 33. Rxf5+
Kg8 34. Ref1 Rf8 35. Rxf8+ Bxf8 36. Rf6 Qb6 37. Qf7# 1-0

[Event "Tournoi Skype 008"]
[Site "Skype"]
[Date "????.??.??"]
[Round "4.22"]
[White "Hague, Mark"]
[Black "Tang, Kim Oanh"]
[Result "1-0"]
[WhiteElo "1499"]
[BlackElo "1299"]
[PlyCount "97"]

1. d4 d5 2. c4 dxc4 3. e4 e6 4. Bxc4 Nc6 5. Nf3 Bb4+ 6. Bd2 Nge7 7. Bxb4 Nxb4
8. Nc3 O-O 9. O-O b6 10. Re1 Bb7 11. a3 Nbc6 12. Qd3 h6 13. Rad1 Ng6 14. Ne2
Qf6 15. e5 Qf5 16. Qxf5 exf5 17. Ng3 Kh8 18. Nxf5 Nce7 19. N3h4 Nxf5 20. Nxf5
Rae8 21. Bb5 Re6 22. Bd7 Nf4 23. Bxe6 Nxe6 24. g3 g5 25. Nxh6 Kh7 26. Ng4 Bf3
27. Nf6+ Kg6 28. Rd3 Bb7 29. d5 Nc5 30. Rd4 Rd8 31. b4 Nd7 32. Nxd7 Rxd7 33. d6
Kf5 34. f4 g4 35. Red1 c6 36. Rc1 b5 37. Rc5 Ke6 38. Kg2 a6 39. Kf2 Kf5 40. Ke3
Ke6 41. Ke4 Rd8 42. f5+ Kd7 43. Kf4 Ke8 44. Kxg4 Kd7 45. Kg5 Ke8 46. Kf6 Kd7
47. Kxf7 Rh8 48. e6+ Kd8 49. Rd2 1-0

[Event "Tournoi Skype 008"]
[Site "Skype"]
[Date "????.??.??"]
[Round "4.23"]
[White "Armingaud, Jean-Claude"]
[Black "Tayyab, Sheikh"]
[Result "0-1"]
[WhiteElo "1294"]
[BlackElo "1499"]
[PlyCount "68"]

1. e4 e5 2. Nf3 Nc6 3. Bc4 Nf6 4. d4 Nxe4 5. dxe5 Bc5 6. Qd5 Qe7 7. Qxe4 h6 8.
Nc3 Bb6 9. O-O O-O 10. Nd5 Qc5 11. Nxb6 axb6 12. Bd3 Re8 13. Qh7+ Kf8 14. Qh8+
Ke7 15. Qxg7 d6 16. Qf6+ Kf8 17. Qxh6+ Ke7 18. exd6+ cxd6 19. Bg5+ Kd7 20. Rfe1
Rxe1+ 21. Rxe1 Rxa2 22. Qg7 Nb4 23. Qxf7+ Kc6 24. h4 Qa5 25. h5 Bg4 26. h6 Bxf3
27. gxf3 Qxg5+ 28. Kh2 Qxh6+ 29. Kg3 Rxb2 30. Qe8+ Kc5 31. c4 Nxd3 32. Re6 Qf4+
33. Kg2 Rxf2+ 34. Kh3 Rh2# 0-1

[Event "Tournoi Skype 008"]
[Site "Skype"]
[Date "????.??.??"]
[Round "4.25"]
[White "Capdeville, Jean"]
[Black "Porcabeuf, Jean-Marc"]
[Result "0-1"]
[WhiteElo "1494"]
[BlackElo "1259"]
[PlyCount "64"]

1. e4 e6 2. e5 d5 3. d4 c5 4. Be3 b6 5. Bb5+ Nd7 6. Bc6 Rb8 7. Nf3 Ne7 8. Bxd7+
Bxd7 9. Nc3 Ng6 10. Bg5 Be7 11. Bxe7 Qxe7 12. Qd2 O-O 13. Qg5 f6 14. exf6 Rxf6
15. O-O-O cxd4 16. Rxd4 Rbf8 17. Qe3 h6 18. Rd2 Qd6 19. a3 a5 20. Re2 b5 21.
Ne5 Nxe5 22. Qxe5 Qa6 23. Kb1 b4 24. axb4 axb4 25. Na2 b3 26. cxb3 d4 27. Qxd4
Qxe2 28. Qxd7 Rxf2 29. Qd4 Qc2+ 30. Ka1 Rf1+ 31. Rxf1 Rxf1+ 32. Nc1 Qxc1+ 0-1

[Event "Tournoi Skype 008"]
[Site "Skype"]
[Date "????.??.??"]
[Round "4.26"]
[White "Tamditi, Ibrahim"]
[Black "Loyarte, Frederic"]
[Result "0-1"]
[WhiteElo "1140"]
[BlackElo "1487"]
[PlyCount "30"]

1. e4 e5 2. Nf3 Nc6 3. h3 Nf6 4. d4 exd4 5. Bg5 h6 6. Bxf6 Qxf6 7. e5 Nxe5 8.
Nxd4 Bc5 9. c3 O-O 10. b4 Bb6 11. Nd2 Re8 12. Qe2 Nd3+ 13. Kd1 Rxe2 14. Bxe2
Nxf2+ 15. Ke1 Nxh1 0-1

[Event "Tournoi Skype 008"]
[Site "Skype"]
[Date "????.??.??"]
[Round "4.27"]
[White "Gharbi, Said"]
[Black "Martin, Elise"]
[Result "1-0"]
[WhiteElo "1437"]
[BlackElo "1234"]
[PlyCount "47"]

1. e4 e5 2. d4 d6 3. dxe5 Nc6 4. exd6 cxd6 5. Nf3 Qc7 6. Bb5 Nf6 7. Nc3 Be7 8.
Bf4 Bg4 9. Nd5 Qa5+ 10. Bd2 Qxb5 11. Nc7+ Kd8 12. Nxb5 Nxe4 13. h3 Bf5 14. O-O
h6 15. Re1 g5 16. Bc3 Rg8 17. Nfd4 Bh7 18. Nxc6+ bxc6 19. Ba5+ Kd7 20. Nd4 f5
21. Qh5 Nf6 22. Qf7 Raf8 23. Qe6+ Ke8 24. Qxe7# 1-0

[Event "Tournoi Skype 008"]
[Site "Skype"]
[Date "????.??.??"]
[Round "4.28"]
[White "Picard, Mario"]
[Black "Coruble, Didier"]
[Result "0-1"]
[WhiteElo "1270"]
[BlackElo "1429"]
[PlyCount "92"]

1. d4 d5 2. c4 c6 3. Nf3 Nd7 4. Nc3 Qc7 5. Bg5 h6 6. Be3 Ngf6 7. Qc2 g5 8. h3
dxc4 9. O-O-O Bg7 10. g4 b5 11. Ne4 Nxe4 12. Qxe4 Nf6 13. Qc2 O-O 14. Rg1 Be6
15. h4 Nxg4 16. hxg5 Nxe3 17. fxe3 h5 18. Rh1 Bg4 19. Ne5 Bxe5 20. dxe5 Qxe5
21. e4 Qxg5+ 22. Kb1 e5 23. Bh3 Bxh3 24. Rxh3 h4 25. Rdh1 f6 26. Rxh4 Kf7 27.
Rh7+ Ke6 28. Rc7 Kd6 29. Rhh7 Qg1+ 30. Qc1 Qxc1+ 31. Kxc1 Kc5 32. Rhd7 a5 33.
Ra7 Rxa7 34. Rxa7 a4 35. a3 Kd4 36. Rc7 c5 37. b3 cxb3 38. Rb7 Kc4 39. Kb2 Rd8
40. Kc1 b4 41. Kb2 Rd2+ 42. Kc1 Rxe2 43. axb4 a3 44. bxc5 Rh2 45. Ra7 a2 46.
Ra4+ Kc3 0-1

[Event "Tournoi Skype 008"]
[Site "Skype"]
[Date "????.??.??"]
[Round "4.29"]
[White "Gerbaux, Regis"]
[Black "Baker, Abi"]
[Result "1-0"]
[WhiteElo "1351"]
[BlackElo "1000"]
[PlyCount "71"]

1. e4 c5 2. Nf3 g6 3. Bc4 Bg7 4. Ng5 e6 5. d3 Nc6 6. c3 h6 7. Nf3 Nge7 8. d4
cxd4 9. cxd4 Qa5+ 10. Nc3 O-O 11. O-O f5 12. e5 b6 13. a3 Ba6 14. Bxa6 Qxa6 15.
Be3 f4 16. d5 exd5 17. Nxd5 Rae8 18. Nc7 Qc8 19. Nxe8 Qxe8 20. Bd2 Nxe5 21.
Nxe5 Bxe5 22. Bc3 Bg7 23. Bxg7 Kxg7 24. Qd4+ Rf6 25. Rfe1 Nf5 26. Rxe8 Nxd4 27.
Re7+ Kf8 28. Rxd7 Ne2+ 29. Kf1 Re6 30. Rad1 g5 31. Rxa7 g4 32. Rd8+ Re8 33.
Rxe8+ Kxe8 34. Kxe2 h5 35. Kd3 h4 36. Ke4 1-0

[Event "Tournoi Skype 008"]
[Site "Skype"]
[Date "????.??.??"]
[Round "4.30"]
[White "Ouellet, Emile"]
[Black "Homme, Jim"]
[Result "1-0"]
[WhiteElo "1331"]
[BlackElo "1499"]
[PlyCount "111"]

1. e4 c5 2. c4 e5 3. Nf3 Nc6 4. Nc3 Nf6 5. d3 Bd6 6. Bg5 Be7 7. Bxf6 Bxf6 8.
Be2 O-O 9. O-O d6 10. h3 Nd4 11. Nxd4 cxd4 12. Nd5 Bh4 13. Bg4 Re8 14. f4 exf4
15. Rxf4 Bg3 16. Rf3 Qh4 17. Qf1 f6 18. Nc7 Bxg4 19. Nxa8 Bxf3 20. Qxf3 Bf2+
21. Kh2 Rxa8 22. Rf1 Bg3+ 23. Qxg3 Qxg3+ 24. Kxg3 Re8 25. Rf5 Re5 26. Rxe5 fxe5
27. b4 Kf7 28. Kg4 b5 29. cxb5 Ke6 30. a4 d5 31. Kf3 dxe4+ 32. Kxe4 Kd6 33. a5
Kc7 34. Kxe5 h5 35. Kxd4 Kd6 36. b6 axb6 37. axb6 Kc6 38. Kc4 Kxb6 39. d4 Kc7
40. Kc5 Kc8 41. b5 Kc7 42. d5 h4 43. d6+ Kc8 44. Kc6 g5 45. d7+ Kd8 46. b6 g4
47. b7 gxh3 48. gxh3 Ke7 49. b8=Q Ke6 50. d8=Q Kf5 51. Qe7 Kg6 52. Qxh4 Kf5 53.
Qe1 Kf6 54. Qf4+ Kg6 55. Qeg3+ Kh7 56. Qfh4# 1-0

[Event "Tournoi Skype 008"]
[Site "Skype"]
[Date "????.??.??"]
[Round "4.31"]
[White "Coude, Josue"]
[Black "Dhenain, Sebastien"]
[Result "1/2-1/2"]
[WhiteElo "1242"]
[BlackElo "1290"]
[PlyCount "70"]

1. e4 e5 2. Nf3 Nc6 3. d3 Nf6 4. Bg5 Be7 5. Nc3 O-O 6. g3 h6 7. Bh4 d5 8. Bg2
dxe4 9. Nxe4 Nxe4 10. dxe4 Qxd1+ 11. Rxd1 Bxh4 12. Nxh4 Nb4 13. c3 Nc6 14. O-O
Be6 15. a3 Bb3 16. Rd7 Rfe8 17. Bh3 Rac8 18. Rd3 Bc4 19. Rdd1 Bxf1 20. Bxc8
Rxc8 21. Rxf1 Rd8 22. Ng2 Rd2 23. Rb1 Re2 24. f3 Rd2 25. Ne3 a5 26. Nd5 Rd3 27.
f4 exf4 28. Nxf4 Re3 29. Nd5 Rxe4 30. Nxc7 Re7 31. Nd5 Re8 32. Rd1 Rd8 33. Kf2
Kf8 34. h4 Ne7 35. c4 Nxd5 1/2-1/2

[Event "Tournoi Skype 008"]
[Site "Skype"]
[Date "????.??.??"]
[Round "4.32"]
[White "Melin, Christiane"]
[Black "Blaevoet, Rebecca"]
[Result "0-1"]
[WhiteElo "1190"]
[BlackElo "1138"]
[PlyCount "136"]

1. e4 e5 2. d3 Nc6 3. Nf3 d6 4. Nc3 Bg4 5. Bg5 Qd7 6. Nd5 Nf6 7. c4 Be7 8. Be2
O-O 9. Nxf6+ gxf6 10. O-O fxg5 11. Nxg5 Bxg5 12. h3 Bxe2 13. Qxe2 a6 14. Qg4
Qxg4 15. hxg4 f5 16. gxf5 Rf6 17. Rad1 Re8 18. Rfe1 Rh6 19. f3 Bf4 20. Re2 Bh2+
21. Kf2 Re7 22. a3 Rg7 23. b4 Bg3+ 24. Ke3 Bf4+ 25. Kf2 Nd4 26. f6 Rg3 27. Rg1
Nxe2 28. Re1 Nd4 29. b5 axb5 30. Rc1 Bxc1 31. cxb5 Nxb5 32. Kxg3 Rxf6 33. a4
Bf4+ 34. Kg4 c5 35. axb5 b6 36. g3 Rg6+ 37. Kf5 Rf6+ 38. Kxf6 Bxg3 39. Ke6 h5
40. Kxd6 h4 41. Kc6 h3 42. Kxb6 h2 43. Kxc5 h1=Q 44. b6 Qc1+ 45. Kd5 Qc3 46. b7
Qb3+ 47. Kc5 Qxb7 48. Kd6 Qb5 49. Ke6 Qxd3 50. Kf5 Qxf3+ 51. Kg5 Qf4+ 52. Kh5
Qxe4 53. Kh6 Qh7+ 54. Kg5 Bf4+ 55. Kg4 Qd7+ 56. Kf3 Qd3+ 57. Kg4 Bd2 58. Kh5
Qh7+ 59. Kg4 Qd7+ 60. Kh5 Qh7+ 61. Kg4 Qg7+ 62. Kh5 e4 63. Kh4 Qe5 64. Kg4 e3
65. Kf3 e2 66. Kg4 e1=Q 67. Kf3 Qf1+ 68. Kg4 Qg7+ 0-1

[Event "Tournoi Skype 008"]
[Site "Skype"]
[Date "????.??.??"]
[Round "4.33"]
[White "Rival, Jocelyn"]
[Black "Gagnon, Sindy"]
[Result "1-0"]
[WhiteElo "1160"]
[BlackElo "1093"]
[PlyCount "73"]

1. e4 e5 2. Nf3 Nf6 3. Nxe5 Bd6 4. Qe2 Bxe5 5. d3 O-O 6. Be3 Re8 7. Nd2 d6 8.
d4 Nxe4 9. dxe5 dxe5 10. Nxe4 Nd7 11. Nc5 Qf6 12. Qd2 Nb6 13. Bd3 a5 14. c3 a4
15. Qc2 c6 16. Bxh7+ Kf8 17. O-O Qd6 18. Ne4 Qd5 19. Ng5 e4 20. Rad1 Qb5 21.
Rfe1 Bg4 22. Rd4 Re5 23. Bxe4 Rae8 24. f3 Be6 25. f4 Rc5 26. b4 Rc4 27. f5 Bd7
28. Rxd7 Nxd7 29. Bd3 Ne5 30. Bxc4 Nxc4 31. Kf2 Na3 32. Qe2 Qxf5+ 33. Nf3 Re4
34. Rd1 Nc4 35. Rd8+ Ke7 36. Qd2 Nxe3 37. Qd6# 1-0